Democracia, gobernanza y desarrollo en el Mercosur: hacia un proyecto propio en el siglo XXI /
En este artículo, el autor pretende presentar las políticas de seguridad pública que se han implementado en Brasil, en el segundo período de Fernando Enrique Cardoso (199-2002) y en el primer año del gobierno de Luis Ignacio Lula da Silva (2003)
Αποθηκεύτηκε σε:
| Κύριος συγγραφέας: | |
|---|---|
| Άλλοι συγγραφείς: | |
| Μορφή: | Κείμενο |
| Έκδοση: |
UY:
UNESCO. CLACSO
|
| Θέματα: | |
| Ετικέτες: |
Προσθήκη ετικέτας
Δεν υπάρχουν, Καταχωρήστε ετικέτα πρώτοι!
|
MARC
| LEADER | 00000 a a2200000 04500 | ||
|---|---|---|---|
| 001 | 33947 | ||
| 003 | |||
| 040 | |||
| 020 | |a 9974-0-02-62-1 | ||
| 090 | |a 0001 S572d | ||
| 100 | |a Sierra, Gerónimo de | ||
| 245 | |a Democracia, gobernanza y desarrollo en el Mercosur: hacia un proyecto propio en el siglo XXI / |c Gerónimo de Sierra | ||
| 260 | |a UY: |b UNESCO. CLACSO | ||
| 300 | |a 242 p. | ||
| 520 | |a En este artículo, el autor pretende presentar las políticas de seguridad pública que se han implementado en Brasil, en el segundo período de Fernando Enrique Cardoso (199-2002) y en el primer año del gobierno de Luis Ignacio Lula da Silva (2003) | ||
| 650 | |a POLICIA | ||
| 650 | |a SEGURIDAD SOCIAL | ||
| 650 | |a CONFLICTOS | ||
| 650 | |a VIOLENCIA | ||
| 650 | |a GOBERNABILIDAD | ||
| 650 | |a CIUDADANIA | ||
| 700 | |a comp. |a Bernales Alvarado, Manuel |a comp. |a Riella, Alberto |a col. | ||
| 999 | |c 1293 |d 1293 | ||



